| 000 | 00560nam a2200169 i 4500 | ||
|---|---|---|---|
| 001 | 99828 | ||
| 003 | ES-MaACL | ||
| 005 | 20230906182548.0 | ||
| 007 | t| | ||
| 008 | 050919s1951 sp ||||1| spa d | ||
| 100 | 1 |
_aMartínez Morellá, Vicente. _978260 |
|
| 245 | 1 | 0 |
_aCastillos y fortalezas de la provincia de Alicante / _cVicente Martínez Morellá. |
| 260 |
_aAlicante : _b[s.n.], _c1951 ( _fArtes gráf. Alicante) |
||
| 300 |
_a60 p. ; _c21 cm. |
||
| 650 | 4 |
_aCastillos- _zAlicante (Provincia)- _vHistoria. _9153204 |
|
| 852 |
_aES-MaACL _j1928-F-12 _bR.31247 |
||
| 999 |
_c99828 _d99828 |
||